UBT Library

Mathematical reasoning for elementary teachers. (Record no. 1232)

000 -LEADER
fixed length control field 00627nam a22002057a 4500
008 - FIXED-LENGTH DATA ELEMENTS--GENERAL INFORMATION
fixed length control field 151007b xxu||||| |||| 00| 0 eng d
020 ## - INTERNATIONAL STANDARD BOOK NUMBER
International Standard Book Number 9780321460844
020 ## - INTERNATIONAL STANDARD BOOK NUMBER
International Standard Book Number 0321460847
080 ## - UNIVERSAL DECIMAL CLASSIFICATION NUMBER
Universal Decimal Classification number 510
100 1# - Rafti
Rafti Long, Calvin T.
245 10 - TITLE STATEMENT
Title Mathematical reasoning for elementary teachers.
250 ## -
-- 5th ed. /
-- Calvin T. Long, Duane W. DeTemple, Richard S. Millman.
260 ## -
-- Boston :
-- Pearson Addison Wesley,
-- 2009.
300 ## -
-- 1 v. (various pagings) :
-- me il.;
-- 27 cm.
650 #0 -
-- Matematikë
650 #0 -
-- Elementare
700 1# -
-- DeTemple, Duane W.
700 1# -
-- Millman, Richard S.,
942 ## - ADDED ENTRY ELEMENTS (KOHA)
Source of classification or shelving scheme
Item type Books
Holdings
Withdrawn status Lost status Source of classification or shelving scheme Damaged status Not for loan Collection code Permanent location Current location Shelving location Date acquired Total Checkouts Full call number Barcode Date last seen Koha item type Price effective from
          Koleksioni i përgjithshem UBT - Lipjan UBT - Lipjan Koleksioni i përgjithshem 10/07/2015   510.2 LON 002-008580 10/07/2015 Books  
          Koleksioni i përgjithshem UBT - Lipjan UBT - Lipjan Koleksioni i përgjithshem 12/04/2015   510.2 LON 002-008679 12/04/2015 Books 12/04/2015
UBT Library © 2015-2024. All rights reserved University Education for Business and Technology